| 000 | 00000nas 2200000za 4500 |
| 001 | 9.502351 |
| 003 | CaOODSP |
| 005 | 20221107133105 |
| 007 | cr ||||||||||| |
| 008 | 150406d19962012oncar p o||||f0 b0fre|d |
| 020 | |a0-662-65391-2|z0-662-65391-2|z0-662-66352-7|z0-662-67288-7|z0-662-68099-5|z0-662-68906-2|z0-662-49116-5|z978-0-662-49914-5|z978-0-662-05559-4|z978-1-100-91028-4|z978-1-100-93995-7 |
| 022 | |a1494-5746|z1494-5738 |
| 040 | |aCaOODSP|bfre |
| 043 | |an-cn--- |
| 086 | 1 |aHR1F-PDF |
| 110 | 2 |aCommission canadienne des droits de la personne. |
| 210 | 0 |aRapp. annu. |b(Comm. can. droits pers., En ligne) |
| 222 | 0|aRapport annuel |b(Commission canadienne des droits de la personne. En ligne) |
| 240 | 10|aRapport annuel (En ligne) |
| 245 | 10|aRapport annuel |h[ressource électronique] / |cCommission canadienne des droits de la personne. |
| 260 | |aOttawa : |bCommission canadienne des droits de la personne, |c[199--2013] |
| 310 | |aAnnuel |
| 362 | 0 |aParaît depuis 1996 ; ne paraît plus après 2012. |
| 500 | |aPubli. aussi en anglais sous le titre : Annual report / Canadian Human Rights Commission. |
| 520 | |aRapport au Parlement sur les activités de la Commission canadienne des droits de la personne. |
| 530 | |aÉgalement publ. en version imprimée, en gros caractères, en braille, sous forme de cassette sonore, disque d'ordinateur et CD-ROM. |
| 775 | 08|tAnnual report |w(CaOODSP)9.505949 |
| 776 | 0#|tCommission canadienne des droits de la personne - rapport annuel |w(CaOODSP)9.511931 |
| 776 | 0#|tCanadian Human Rights Commission - annual report |w(CaOODSP)9.511930 |
| 785 | 00|t... rapport annuel au Parlement |w(CaOODSP)9.833937 |